000 01199nac a22003491i 4500
003 EG-ScBUE
005 20230517112637.0
008 081113t2005 caua f d 001 0 eng d
020 _a053439597x
020 _a9780534395971
040 _aEG-ScBUE
_beng
_erda
_cEG-ScBUE
_dEG-ScBUE
082 0 4 _a547
_bBRO
_222
100 1 _aBrown, William Henry,‏
_d1932-
_eauthor.
245 1 0 _aOrganic chemistry /
_cWilliam H. Brown, Beloit College, Christopher S. Foote, University of California, Los Angeles, Brent L. Iverson, University of Texas, Austin.
250 _aFourth edition.
250 _aInternational edition.
264 1 _aBelmont, CA :
_bThomson Learning,
_c[2005]
264 4 _cc2005
300 _axli, 1168, 7, 15, 31 pages :
_billustrations (some color) ;
_c27 cm
336 _2rdacontent
_atext
_btxt
337 _2rdamedia
_aunmediated
_bn
338 _2rdacarrier
_avolume
_bnc
500 _aIncludes index.
500 _aIncludes glossary.
500 _aIncludes appendix.
650 7 _aChemistry, Organic.
_2BUEsh
653 _bENGCHE
655 _vReading book
700 1 _aFoote, Christopher S.,
_eauthor.
700 1 _aIverson, Brent L.,
_eauthor.
942 _cBB
_2ddc
999 _c3790
_d3790